| 000 | 00940nam a22002897a 4500 | ||
|---|---|---|---|
| 003 | IBSLLIB | ||
| 005 | 20260515071010.0 | ||
| 008 | 260515b |||||||| |||| 00| 0 eng d | ||
| 020 | _a0931803055 | ||
| 040 |
_aIBSLLIB _beng |
||
| 041 | _hEng | ||
| 082 |
_a973.9 _bAND |
||
| 100 | _aAndersen , Alfred F. | ||
| 245 |
_aChallenging Newt Gingrich Chapter by Chapter : _bAn In-Depth Analysis Of America's Options at its Economics, Political, and Military Crossroads |
||
| 260 |
_aOregon : _bTom Paine Institute , _c1919 |
||
| 300 |
_a238 p ; _c24 cm |
||
| 505 | _aHow Gingrich would renew america | ||
| 505 | _aContract with America | ||
| 505 | _aHow to Assure justice for All | ||
| 650 | _aHistory geography auxiliary discipline | ||
| 650 | _aHistory of North America | ||
| 653 | _aPolitics and Government | ||
| 653 | _aEconomic | ||
| 653 | _aSocial Policy | ||
| 653 | _aConstitutional history | ||
| 942 | _cLBK | ||
| 999 |
_c22144 _d22144 |
||